000 00560nam a22002057a 4500
999 _c7784
_d7784
003 OSt
005 20220303130035.0
008 220303b ||||| |||| 00| 0 eng d
020 _a9780230200524
040 _cDDC
082 _a658.7 WAT ,2009
100 _aWATERS DONALD
_96827
245 _aSUPPLY CHAIN MANAGEMENT
_bAN INTRODUCTION TO LOGISTICS
250 _a2ND ED.
260 _aUK:
_bPALGRAVE MACMILLAN;
_c2009
300 _aXXII,510P.
_bILL;
_c24.3
504 _aINCLUDES GLOSSARY AND INDEX
650 _aCHAIN MANAGEMENT
_915855
942 _2ddc
_cBOOK